|
|
|
|
| LEADER |
02580nam a2200385 a 4500 |
| 001 |
GR-Patra14012 |
| 008 |
950817s1996 nyu g b 001 b eng d |
| 020 |
|
|
|a 0071148116
|
| 040 |
|
|
|a GrPaTEI
|b gre
|c GR-PaULI
|
| 040 |
|
|
|a GrPaTEI
|b gre
|c GR-PaULI
|
| 040 |
|
|
|a GrPaTEI
|b gre
|c GR-PaULI
|
| 082 |
|
0 |
|a 624.15
|2 21
|
| 100 |
1 |
|
|a Bowles, Joseph E.
|
| 245 |
1 |
0 |
|a Foundation analysis and design /
|c Joseph E. Bowles.
|
| 250 |
|
|
|a 5th ed.
|
| 260 |
|
|
|a New York :
|b McGraw-Hill,
|c c1996
|
| 300 |
|
|
|a xxiii, 1175 σ. :
|b εικ. +
|e 1 disk
|
| 500 |
|
|
|a Περιέχει μια δισκέτα
|
| 500 |
|
|
|a Τμήμα Ανακαίνισης και Αποκατάστασης Κτιρίων: 29658, 29569-29570
|
| 504 |
|
|
|a Περιλαμβάνει βιβλιογραφικές παραπομπές
|
| 538 |
|
|
|a System requirements for accompanying computer disk: Any IBM or compatible system that uses PC-DOS or MS-DOS .
|
| 610 |
2 |
4 |
|a Τμήμα Ανακαίνισης και Αποκατάστασης Κτιρίων
|
| 650 |
|
0 |
|a FOUNDATIONS
|
| 650 |
|
0 |
|a Soil mechanics
|
| 710 |
0 |
|
|a McGraw-Hill
|
| 942 |
|
|
|2 ddc
|
| 952 |
|
|
|0 0
|1 0
|2 ddc
|4 0
|6 624_150000000000000_BOW
|7 0
|9 293018
|a LISK
|b LISK
|c BSC
|d 2021-01-17
|e 24
|f 0
|g 0.00
|l 0
|o 624.15 BOW
|p 92410015415
|r 2021-01-17 00:00:00
|t 1
|w 2021-01-17
|y BK15
|x 20030214 0 1
|x GrPaTEI
|
| 952 |
|
|
|0 0
|1 0
|2 ddc
|4 0
|6 624_150000000000000_BOW
|7 0
|9 293019
|a LISK
|b LISK
|c BSC
|d 2021-01-17
|e 24
|f 0
|g 0.00
|l 0
|o 624.15 BOW
|p 92410020965
|r 2021-01-17 00:00:00
|t 1
|w 2021-01-17
|y BK15
|x 20030804 0 1
|x GrPaTEI
|
| 952 |
|
|
|0 0
|1 0
|2 ddc
|4 0
|6 624_150000000000000_BOW
|7 0
|9 293020
|a LISK
|b LISK
|c BSC
|d 2021-01-17
|e 24
|f 0
|g 0.00
|l 0
|o 624.15 BOW
|p 92410025280
|r 2021-01-17 00:00:00
|t 1
|w 2021-01-17
|y BK15
|x 20040617 0 1
|x GrPaTEI
|
| 952 |
|
|
|0 0
|1 0
|2 ddc
|4 0
|6 624_150000000000000_BOW
|7 0
|9 293021
|a LISK
|b LISK
|c BSC
|d 2021-01-17
|e 24
|f 0
|g 0.00
|l 0
|o 624.15 BOW
|p 92410029568
|r 2021-01-17 00:00:00
|t 1
|w 2021-01-17
|y BK15
|x 20061023 0 1
|x GrPaTEI
|
| 952 |
|
|
|0 0
|1 0
|2 ddc
|4 0
|6 624_150000000000000_BOW
|7 0
|9 293022
|a LISK
|b LISK
|c BSC
|d 2021-01-17
|e 24
|f 0
|g 0.00
|l 0
|o 624.15 BOW
|p 92410029569
|r 2021-01-17 00:00:00
|t 1
|w 2021-01-17
|y BK15
|x 20061026 0 1
|x GrPaTEI
|
| 952 |
|
|
|0 0
|1 0
|2 ddc
|4 0
|6 624_150000000000000_BOW
|7 0
|9 293023
|a LISK
|b LISK
|c BSC
|d 2021-01-17
|e 24
|f 0
|g 0.00
|l 0
|o 624.15 BOW
|p 92410029570
|r 2021-01-17 00:00:00
|t 1
|w 2021-01-17
|y BK15
|x 20061026 0 1
|x GrPaTEI
|
| 952 |
|
|
|0 0
|1 0
|2 ddc
|4 0
|6 624_150000000000000_BOW
|7 0
|9 293024
|a LISK
|b LISK
|c ALF
|d 2021-01-17
|e 24
|f 0
|g 0.00
|l 0
|o 624.15 BOW
|p 92410016615
|r 2021-01-17 00:00:00
|t 1
|w 2021-01-17
|y BK15
|x 20001205 0 1
|x GrPaTEI
|
| 971 |
|
|
|a .b26615277
|b 15-04-20
|c 23-09-16
|
| 999 |
|
|
|c 171288
|d 171288
|